Proceso administrativo para las organizaciones del siglo XXI (Registro nro. 7595)
[ vista simple ]
| 000 -CABECERA | |
|---|---|
| campo de control de longitud fija | 00959nam a22003257a 4500 |
| 005 - FECHA Y HORA DE ACTUALIZACIÓN | |
| campo de control | 20220201110734.0 |
| 008 - LONGITUD FIJA | |
| campo de control de longitud fija | 160203b xxu||||| |||| 00| | spa d |
| 041 ## - IDIOMA | |
| Código de idioma del texto/pista de sonido o título separado | |
| 082 ## - CLASIFICACIÓN DECIMAL DEWEY | |
| Número de clasificación | 658 B517p2 |
| 100 ## - AUTOR PERSONAL | |
| Nombre de persona | Bernal Torres, César Augusto |
| 100 ## - AUTOR PERSONAL | |
| Nombre de persona | Sierra Arango, Hernán Darío |
| 245 ## - TÍTULO PROPIAMENTE DICHO | |
| Título | Proceso administrativo para las organizaciones del siglo XXI |
| 250 ## - EDICIÓN | |
| Mención de edición | 2 edición |
| 260 ## - PIE DE IMPRENTA | |
| Lugar de publicación, distribución, etc. | Colombia |
| 260 ## - PIE DE IMPRENTA | |
| Nombre del editor, distribuidor, etc. | Pearson |
| 260 ## - PIE DE IMPRENTA | |
| Fecha de publicación, distribución, etc. | 2013 |
| 300 ## - DESCRIPCIÓN FÍSICA | |
| Extensión | 384 páginas |
| 505 ## - Nota de Contenido | |
| Nota de contenido | Contiene disco compacto N° 727 |
| 650 ## - Materia General | |
| Materia general | PROCESO ADMINISTRATIVO |
| 650 ## - Materia General | |
| Materia general | GERENCIA DE ORGANIZACIONES |
| 650 ## - Materia General | |
| Materia general | PLANEACIÓN ESTRATÉGICA |
| 650 ## - Materia General | |
| Materia general | ORGANIZACIÓN |
| 650 ## - Materia General | |
| Materia general | DISEÑO ORGANIZACIONAL |
| 650 ## - Materia General | |
| Materia general | DIRECCIÓN |
| 650 ## - Materia General | |
| Materia general | MOTIVACIÓN |
| 650 ## - Materia General | |
| Materia general | LIDERAZGO |
| 650 ## - Materia General | |
| Materia general | TRABAJO EN EQUIPO |
| 650 ## - Materia General | |
| Materia general | CONTROL ADMINISTRATIVO |
| 942 ## - Punto de Acceso Adicional Koha | |
| Tipo de ítem Koha | Libro |
| Estado perdido | Estado dañado | No para préstamo | Biblioteca permanente | Biblioteca actual | Signatura completa | Código de barras | Precio efectivo a partir del | Tipo de ítem | En préstamo |
|---|---|---|---|---|---|---|---|---|---|
| Departamento de Biblioteca y Documentación Alfonso Chase Brenes | Departamento de Biblioteca y Documentación Alfonso Chase Brenes | 658 B517p2 | 20239 | 03/02/2016 | Libro | ||||
| Departamento de Biblioteca y Documentación Alfonso Chase Brenes | Departamento de Biblioteca y Documentación Alfonso Chase Brenes | 658 B517p2 | 20240 | 03/02/2016 | Libro | ||||
| Departamento de Biblioteca y Documentación Alfonso Chase Brenes | Departamento de Biblioteca y Documentación Alfonso Chase Brenes | 658 B517p2 | 20241 | 03/02/2016 | Libro | ||||
| Departamento de Biblioteca y Documentación Alfonso Chase Brenes | Departamento de Biblioteca y Documentación Alfonso Chase Brenes | 658 B517p2 | 20242 | 03/02/2016 | Libro | 13/05/2026 | |||
| Departamento de Biblioteca y Documentación Alfonso Chase Brenes | Departamento de Biblioteca y Documentación Alfonso Chase Brenes | 727 DC | 727ADC | Disco Compacto | |||||
| Departamento de Biblioteca y Documentación Alfonso Chase Brenes | Departamento de Biblioteca y Documentación Alfonso Chase Brenes | 658 B517p2 | 727BDC | 01/02/2022 | Disco Compacto | ||||
| Departamento de Biblioteca y Documentación Alfonso Chase Brenes | Departamento de Biblioteca y Documentación Alfonso Chase Brenes | 658 B517p2 | 727CDC | 01/02/2022 | Disco Compacto | ||||
| Departamento de Biblioteca y Documentación Alfonso Chase Brenes | Departamento de Biblioteca y Documentación Alfonso Chase Brenes | 658 B517p2 | 727DDC | 01/02/2022 | Disco Compacto |